Estadísticas para Países más cercanos a Burundi

Haz click aquí para intentar la prueba.

Estadísticas generales

  • Esta prueba ha sido intentada 30 veces
  • La puntuación promedio es 17 de 20

Estadísticas de respuestas

kmpaís% Correcto
1279Congo
100%
419Kenia
100%
0Ruanda
100%
1342Sudán
96%
655Sudán del Sur
96%
0Tanzania
96%
95Uganda
96%
428Zambia
96%
652Malaui
92%
977Mozambique
88%
864República
Centroafricana
88%
1246Zimbabue
88%
977Etiopía
84%
1155Somalia
84%
1560Botsuana
76%
1621Chad
76%
922Angola
68%
1547Namibia
68%
1515Camerún
60%
0Rep Dem Congo
0%

Distribución de puntuación

Porcentaje por número respondido

Porcentaje de gente con cada puntuación

Historial de tus puntuaciones

No has intentado esta prueba.